000 00638nam a22002297a 4500
005 20170124110014.0
010 _a181170
020 _c00.00
035 _a181170
037 _bCen Lib/ Ret
040 _aDPL
_bEN
082 _a341.12
_bWAL
100 _aWalters, F.P.
_918440
245 _aHistory of the laegue of nations /
_cby F.P. Walters
260 _aLondon
_bOxford unversity press
_c1960
270 _bLondon
300 _axv,831p.
_c21cm(Hb)
500 _aIncludes index
650 _aHistory
_xlegue of nations
_918441
650 _zPeace conference
_9101916
942 _2ddc
_cEN
_h341.12
_mWAL
999 _c126773
_d126773